Представление документа в формате RUSMARC

ПолеНазваниеЗначение
  Тип записи c
  Библиографический уровень m
001 Контрольный номер RU/УОНБ/EK_N/322860725
005 Дата корректировки 20250520131041.3
010 Индекс ISBN __
9 Тираж 1700 экз.
013 Номер (ISMN) __
d Цена 2 р. 60 к.
071 Издательские номер (звукозапись и ноты) 21
a Номер, присвоенный агентством 1372
100 Данные общей обработки __
a Данные общей обработки 20210203d1987 u y0rusy0103||||ca
101 Язык документа 0_
a Язык текста rus
f Язык титульного листа rus
102 Страна публикации __
a Страна публикации RU
125 Кодированные данные звукозаписи и нотных изданий __
a Форма изложения нотного текста z|
128 Кодированные данные (звукозаписи-физические характеристики) __
a Кодированные данные: Музыкальная форма и тональность или лад fm
b Инструменты или голоса, необходимые для ансамблей (устаревшее) cu||
c Инструменты или голоса, рекомендуемые для солистов (устаревшее) vu||
200 Заглавие и сведения об ответственности 1_
a Заглавие Песни Заонежья
b Общее обозначение материала Ноты
e Сведения, относящиеся к заглавию в записях 1880-1980 гг.
e Сведения, относящиеся к заглавию [для пения (соло, ансамбль, хор) без сопровожд.]
f Первые сведения об ответственности ред. Е. В. Гиппиуса
g Последующие сведения об ответственности сост., предисл. и примеч. Т. В. Краснопольской
g Последующие сведения об ответственности предисл. редкол.
210 Выходные данные 1_
a Место издания Ленинград
c Издательство Советский композитор
d Дата издания 1987
215 Физическое описание __
a Объем 184 с.
d Формат 27 см
225 Серия 1_
a Серия Традиционная музыкальная культура русского Северо-Запада
512 Заглавие обложки 1_
a Заглавие обложки Песни Заонежья
606 Тематические рубрики 0_
a Основная рубрика Народные песни
y Географическая подрубрика Заонежье
610 Ключевые слова 0_
a Ключевые слова народные песни
686 Индексы других классификаций __
a Классификационный индекс 85.92(2Р-Рус)я43
2 Код системы rubbk
702 Вторичная интеллектуальная ответственность _1
a Фамилия Гиппиус
b Имя (инициалы) Е. В.
4 Код отношения 340
702 Вторичная интеллектуальная ответственность _1
a Фамилия Краснопольская
b Имя (инициалы) Т. В.
4 Код отношения 220
4 Код отношения 080
4 Код отношения 210
801 Источник записи _0
a Страна RU
b Организация Ульяновская ОНБ
c Дата составления 20210203
g Правила каталогизации PSBO
801 Источник записи _1
a Страна RU
b Организация Ульяновская ОНБ
c Дата составления 20210203
901 Тип документа __
t Тип документа m
909 Создатель записи __
a Создатель записи Грязнова И. Е.
938 Служебная информация __
a Имя БД noti
b Имя библиотеки УОНБ
c Имя АИБС МАРК-SQL
d Номер DOC_ID в БД 2447